Mzda ako motivačný činiteľ bakalárska práca

Enregistré dans:
Détails bibliographiques
Auteur principal: Doľák, Daniel
Collectivité auteur: Podnikovohospodárska fakulta EU so sídlom v Košiciach. Katedra manažmentu
Autres auteurs: Kravcová, Bibiana
Format: Livre
Langue:slovaque
Publié: Košice 2013
Tags: Ajouter un tag
Pas de tags, Soyez le premier à ajouter un tag!

MARC

LEADER 00000nbm a2200000 4500
001 0172298
005 20161109112042.2
041 0 |a slo 
044 |a SK 
245 1 0 |a Mzda ako motivačný činiteľ  |b bakalárska práca  |c Daniel Doľák ; školiteľ: Bibiana Kravcová 
264 1 |a Košice  |c 2013 
300 |a 44 s. 
100 1 |a Doľák, Daniel 
700 1 |a Kravcová, Bibiana 
710 2 |a Podnikovohospodárska fakulta EU so sídlom v Košiciach. Katedra manažmentu